<?xml version="1.0" encoding="UTF-8"?>
<record
    xmlns:xsi="http://www.w3.org/2001/XMLSchema-instance"
    xsi:schemaLocation="http://www.loc.gov/MARC21/slim http://www.loc.gov/standards/marcxml/schema/MARC21slim.xsd"
    xmlns="http://www.loc.gov/MARC21/slim">

  <leader>01564nam a22002537a 4500</leader>
  <controlfield tag="008">160803s2007        xxu||||| |||| 00| 0 eng d</controlfield>
  <datafield tag="020" ind1=" " ind2=" ">
    <subfield code="a">9781858943909</subfield>
  </datafield>
  <datafield tag="082" ind1="0" ind2="4">
    <subfield code="a">708</subfield>
    <subfield code="b">G562g</subfield>
  </datafield>
  <datafield tag="245" ind1="1" ind2="0">
    <subfield code="a">Global feminisms :</subfield>
    <subfield code="b">new directions in contemporary art /</subfield>
    <subfield code="c">editado por Maura Reilly y Linda Nochlin ; Brooklyn Museum.</subfield>
  </datafield>
  <datafield tag="250" ind1=" " ind2=" ">
    <subfield code="a">1a ed.</subfield>
  </datafield>
  <datafield tag="260" ind1=" " ind2=" ">
    <subfield code="a">Brooklyn, Estados Unidos :</subfield>
    <subfield code="b">Merrell Publishers Limited,</subfield>
    <subfield code="c">2007.</subfield>
  </datafield>
  <datafield tag="300" ind1=" " ind2=" ">
    <subfield code="a">304 p.</subfield>
    <subfield code="b">il. col.</subfield>
  </datafield>
  <datafield tag="500" ind1=" " ind2=" ">
    <subfield code="a">Cat&#xE1;logo publicado en ocasi&#xF3;n a la exhibici&#xF3;n "Global Feminisms", organizado por Brooklyn Museum y presentada del 23 de marzo al 1 de julio del 2007.</subfield>
  </datafield>
  <datafield tag="505" ind1="0" ind2=" ">
    <subfield code="t">Introduction: toward transnational feminisms</subfield>
    <subfield code="r">Maura Reilly.</subfield>
    <subfield code="t">Women artists then and now: painting, sculpture, and the image of the self</subfield>
    <subfield code="r">Linda Nochlin.</subfield>
    <subfield code="t">Providing a space of freedom: women artists from Africa</subfield>
    <subfield code="r">N'Gon&#xE9; Fall.</subfield>
    <subfield code="t">Gender mobility: through the lens of five women artists in India</subfield>
    <subfield code="r">Geeta Kapur.</subfield>
    <subfield code="t">Contemporary japanese women's self-awareness</subfield>
    <subfield code="r">Michiko Kasahara.</subfield>
    <subfield code="t">What is feminist about contemporary asian women's art</subfield>
    <subfield code="r">Joan Kee.</subfield>
    <subfield code="t">Central American women artists in global age</subfield>
    <subfield code="r">Virginia P&#xE9;rez-Ratton.</subfield>
    <subfield code="t">Western European women artists: speaking in a minor voice</subfield>
    <subfield code="r">Elisabeth Lebovici.</subfield>
    <subfield code="t">Post-totalitarian art: Eastern and Central Europe</subfield>
    <subfield code="r">Charlotta Kot&#xED;k.</subfield>
  </datafield>
  <datafield tag="653" ind1="1" ind2="0">
    <subfield code="a">Arte contempor&#xE1;neo</subfield>
  </datafield>
  <datafield tag="653" ind1="1" ind2="0">
    <subfield code="a">Feminismo</subfield>
  </datafield>
  <datafield tag="653" ind1="1" ind2="0">
    <subfield code="a">Instalaciones</subfield>
  </datafield>
  <datafield tag="653" ind1="1" ind2="0">
    <subfield code="a">Cat&#xE1;logo de exhibici&#xF3;n</subfield>
  </datafield>
  <datafield tag="653" ind1="1" ind2="0">
    <subfield code="a">Exhibiciones</subfield>
  </datafield>
  <datafield tag="653" ind1="1" ind2="0">
    <subfield code="a">Pintura</subfield>
  </datafield>
  <datafield tag="653" ind1="1" ind2="0">
    <subfield code="a">Arte feminista</subfield>
  </datafield>
  <datafield tag="653" ind1="1" ind2="0">
    <subfield code="a">Feminismo global</subfield>
  </datafield>
  <datafield tag="710" ind1="1" ind2=" ">
    <subfield code="a">Brooklyn Museum.</subfield>
    <subfield code="9">5376</subfield>
  </datafield>
  <datafield tag="999" ind1=" " ind2=" ">
    <subfield code="c">998</subfield>
    <subfield code="d">998</subfield>
  </datafield>
  <datafield tag="952" ind1=" " ind2=" ">
    <subfield code="0">0</subfield>
    <subfield code="1">0</subfield>
    <subfield code="2">ddc</subfield>
    <subfield code="4">0</subfield>
    <subfield code="7">0</subfield>
    <subfield code="a">LV</subfield>
    <subfield code="b">LV</subfield>
    <subfield code="c">Colectivas</subfield>
    <subfield code="d">2016-08-03</subfield>
    <subfield code="l">0</subfield>
    <subfield code="o">708 G562g</subfield>
    <subfield code="p">002050</subfield>
    <subfield code="r">2016-08-03 00:00:00</subfield>
    <subfield code="w">2016-08-03</subfield>
    <subfield code="y">01</subfield>
  </datafield>
</record>
